| 000 | 00622nam a2200169 a 4500 | ||
|---|---|---|---|
| 001 | 000028359 | ||
| 005 | 20200930031555.0 | ||
| 008 | 110408s1985 dr 000 0 spa d | ||
| 040 |
_aDO-SdBNP _bspa _cBNPHU |
||
| 082 |
_axxxx _bV181 |
||
| 100 | 1 |
_aValle Martínez, Danilo _955331 |
|
| 245 | 1 | 0 |
_aRevolución popular sandinista : _buna alternativa del desarrollo / _cDanilo Valle Martínez. |
| 260 |
_aSanto Domingo : _bAlfa & Omega, _c1985. |
||
| 300 |
_a21 p. ; _c22 cm. |
||
| 500 | _aCharla del Embajador de Nicaragua Danilo Valle Martínez en la Asociación de Abogados de Santiago-República Dominicana | ||
| 049 | _aBNPD | ||
| 999 |
_c27851 _d27851 |
||